US States Hidden in a Letter - Statistics

General Stats
  • This quiz has been taken 98 times
  • The average score is 11 of 15
Answer Stats
State % Correct
Maine
88%
Oklahoma
87%
Colorado
85%
Ohio
85%
Texas
85%
Vermont
80%
Alaska
77%
New Jersey
77%
Oregon
77%
Idaho
76%
Washington
73%
Missouri
72%
Maryland
67%
Utah
60%
Iowa
47%
No matching quizzes found
Score Distribution
Percent of People with Each Score
Percentile by Number Answered
Your Score History
You have not taken this quiz